Ballon d'Or - classement 2011 - Statistiques

Statistiques générales
  • Ce quiz a été pris 53 fois
  • Le résultat moyen est 19 sur 23
Statistiques - réponses
Poste Club Nationalité Rang Réponse % Correct
Milieu FC Barcelone Espagne 4 Andrés Iniesta
100%
Attaquant Real Madrid Portugal 2 Cristiano Ronaldo
100%
Gardien Real Madrid Espagne 9 Iker Casillas
100%
Attaquant FC Barcelone Argentine 1 Lionel Messi
100%
Attaquant Liverpool Uruguay 6 Luis Suárez
100%
Attaquant Santos Brésil 10 Neymar
100%
Milieu FC Barcelone Espagne 3 Xavi
100%
Attaquant Anji Makhatchkala Cameroun 8 Samuel Eto'o
96%
Attaquant Manchester United Angleterre 5 Wayne Rooney
96%
Attaquant Manchester City Argentine 17 Sergio Agüero
88%
Attaquant Bayern Munich Allemagne 13 Thomas Müller
88%
Milieu Inter Milan Pays Bas 12 Wesley Sneijder
88%
Attaquant FC Barcelone Espagne 14 David Villa
85%
Attaquant Real Madrid France 20 Karim Benzema
85%
Milieu Real Madrid Allemagne 11 Mesut Özil
85%
Défenseur FC Barcelone Espagne 23 Gerard Piqué
81%
Défenseur FC Barcelone Brésil 19 Dani Alves
77%
Attaquant Inter Milan Uruguay 7 Diego Forlán
73%
Défenseur FC Barcelone France 18 Éric Abidal
73%
Milieu Real Madrid Espagne 16 Xabi Alonso
73%
Milieu Manchester United Portugal 22 Nani
65%
Milieu FC Barcelone Espagne 21 Cesc Fàbregas
40%
Milieu Bayern Munich Allemagne 15 Bastian Schweinsteiger
6%
Aucun quiz correspondant
Distribution des résultats
% des personnes avec chaque résultat
Percentile par nombre de réponses
Votre historique - résultats
Vous n’avez pas pris ce quiz